000 01873nas a2200313 c 4500
003 BLK
005 20180421003104.0
008 180413b bul rap|r|||| |0| c1bulo|
010 _aPRD00000410000
022 _a1313-2410
040 _aBLK
041 _aBUL
_cBUL
080 _aСписания и периодични издания с общ характер - Списания с общ характер. Продължаващи издания с общонаучно и общотехническо съдържание. Годишници. Адресни книги. Календари. Алманаси. Вж и 07
_b05
_x
_z05
080 _aГеография, обща
_b911
_x
_z911
080 _aИзучаване и наблюдение на природата. Природознание. Вж и 55/59 ; Резервати вж 502.4
_b502.2
_x
_z502.2
110 1 _aМЕДИА ЕООД
_eРед. кол. : Иван Голев - глав. ред. е др.
_9359477
245 1 0 _aGEO БЪЛГАРИЯ
_bОпознаваш и разбираш света
_cМЕДИА ЕООД ; Ред. кол. : Иван Голев - глав. ред. е др.
_fНачална год. на издаване: 2007, № 1, Крайна год. на издаване: 2015
257 _aBGR
260 София
_bМедиа
_c2007
_fБагра ЕООД
300 _c27
310 периодичност: 12
_bабонамент за: 2015
_cдепозит за: 2015
_dдни, в които се получава: 0000000
_eсрок за съхранение: 99
380 _a0
500 _aзабележка:Последен бр. 5 (май) 2015 г. - спира да излиза
852 _aБ 1817
856 _qpdf
_u
856 _qpdf
_u
942 _cJOU
_n0
_s1
944 _aCR
_cЛюбомир_Делиганев
_k21.01.2008
944 _aED
_cВася_Ганчева
_k14.01.2016
999 _c293328
_d293328